000 00542nam a2200181Ia 4500
008 240729s9999 xx 000 0 und d
022 _a2056-6530
245 0 _aInternational Journal of Food Design
260 _aUnited Kingdom
260 _bIntellect
650 _a Home economics
650 _a Hospitality industry. Hotels, clubs, restaurants, etc. Food service
650 _a Visual arts | Technology
650 _aFine Arts
856 _uhttps://doaj.org/toc/bbfec2358493402dad828520c4d2073c
942 _2ddc
942 _cDOAJEJ
999 _c70315
_d70315
945 _a1
_bMadushi Gamage
_c1
_dMadushi Gamage